Captain America Trilogy Characters - Statistics

General Stats
  • This quiz has been taken 319 times
    318 since last reset
  • The average score is 36 of 58
Answer Stats
Hint Answer % Correct
Above’s real name Steve Rogers
98%
Super Soldier Captain America
97%
Steve’s best friend Bucky Barnes
96%
Steve’s love Peggy Carter
96%
Winged superhero Falcon
89%
King of Wakanda Black Panther
87%
Archer Hawkeye
87%
Leader of HYDRA Red Skull
87%
Above’s name Wanda Maximoff
87%
Tiny superhero Ant Man
86%
Tony’s father and helped Steve in WW2 Howard Stark
86%
Webslinger Spiderman
86%
Above’s name Tony Stark
86%
Peter’s aunt May Parker
85%
Fought Steve in Civil War Iron Man
84%
Above’s name Peter Parker
84%
Leader of SHIELD Nick Fury
83%
Above’s name T’Challa
83%
Above’s suit War Machine
83%
Avenger who helped take down HYDRA Black Widow
82%
Witch Scarlet Witch
82%
Above’s name Clint Barton
80%
Above’s name Natasha Romanoff
80%
Speedster Quicksilver
80%
Above’s name Sam Wilson
80%
Android Vision
79%
Brainwashed assassin Winter Soldier
78%
Above’s name Pietro Maximoff
77%
Tony’s best friend James Rhodes
76%
Peggy’s niece Sharon Carter
76%
Above’s name Scott Lang
73%
Tony’s mother Maria Stark
72%
SHIELD 2nd in command Maria Hill
70%
King of Wakanda who was killed T’Chaka
66%
Presented the Sokovia Accords to the Avengers Thaddeus Ross
65%
Manipulated the Avengers into fighting Helmut Zemo
62%
HYDRA scientist Arnim Zola
61%
Creator of the Super Soldier serum Abraham Erskine
51%
CIA agent Everett K Ross
50%
Leader of STRIKE Brock Rumlow
47%
Rumlow’s villain name Crossbones
44%
Secretary of the World Security Council Alexander Pierce
41%
Member of the Dora Milaje Ayo
40%
Above’s name Johann Schmidt
38%
Experimented on the Maximoffs Wolfgang von Strucker
32%
Member of the Howling Commandos James Falsworth
30%
Member of the Howling Commandos Dum Dum Dugan
29%
HYDRA technician Jasper Sitwell
28%
Pirate Georges Batroc
24%
Colonel of the Army Chester Phillips
22%
Member of the Howling Commandos Jim Morita
18%
Member of the Howling Commandos Gabe Jones
14%
Murdered Erskine Heinz Kruger
13%
HYDRA Senator Senator Stern
13%
HYDRA scientist Dr List
12%
Member of STRIKE Jack Rollins
11%
Member of the Howling Commandos Jacques Dernier
11%
Loyal SHIELD technician Cameron Klein
3%
No matching quizzes found
Score Distribution
Percent of People with Each Score
Percentile by Number Answered
Your Score History
You have not taken this quiz since the last reset